00759nam a22002172a 450000100060000000300080000600500170001400800410003103500510007204000320012304100080015508200250016310000320018824500680022026000520028830000270034050400420036765000390040965100480044865100450049624901BD-RjUL20211209001119.0140315s1936 enk 001 0 eng d a(BD-RjUL)24970aOCLC ocm04249650 from D951120M aDLCcTXRdEQOdBD-RjULbeng aeng04221a944.06bHUU 19361 aHudson, Nora Eileen,d1902-10aUltra-royalism and the French restoration /cby Nora E. Hudson. aCambridge :bCambridge University Press,c1936. axiii, 209 p. ;c22 cm. aBibliography: p. [199]-204 and index. 0aPolitical sciencezFrancexHistory 0aFrancexPolitics and governmenty1814-1830. 0aFrancexHistoryyRestoration, 1814-1830.